000 00604nam a2200169Ia 4500
003 LK-CoDNM
008 010623t2011 xxu||||| |||| 00| 1 sin d
040 _aLK-CoDNM
_dLK-CoDNM
_eLK-CoDNM
041 _asin
080 _a294.3 DNA
100 _aGnanananda Himi, Kiribathgoda
245 _aඑළිය විහිදෙන නුවණ. චතුරාර් සත්ාවබෝධයට ධර්ම දේශනා
246 _aEliya Vihidena Nuwana. Chathurarya Saththyawabodayata Dharma Deshana
260 _bMahamegha Prakashakayo
_aPolgahawela
_c2011
300 _b94, 21 cm
942 _cBK
999 _c130912
_d130912